| 000 | 00849nam a2200241 a 4500 | ||
|---|---|---|---|
| 001 | 000020102 | ||
| 003 | DO-SdBNP | ||
| 005 | 20250409144249.0 | ||
| 008 | 100721s1950 it r 000 0 spa d | ||
| 040 |
_aDO-SdBNP _bspa _cBNPHU |
||
| 082 |
_a398.961 _bR696r |
||
| 100 | 1 |
_aRodríguez Demorizi, Emilio, _d1908-1986 _91039 |
|
| 245 | 1 | 0 |
_aRefranero dominicano / _cEmilio Rodríguez Demorizi ; prólogo M. de J. Troncoso de la Concha. |
| 260 |
_aRoma : _bStad. Tipográfico G. Menaglia, _c1950. |
||
| 300 |
_a274 p. ; _c23 cm. |
||
| 500 | _aIncluye notas al pie de las páginas | ||
| 504 | _aBibliografía : p. 271-274 | ||
| 590 | _aInventariado, 2019/BT | ||
| 650 | 4 |
_aProverbios y refranes dominicanos _918876 |
|
| 650 | 0 |
_aFolclore _zRepública Dominicana _933448 |
|
| 700 | 1 |
_aTroncoso de la Concha, M. J., _epról. _942691 |
|
| 942 |
_2ddc _cLBS1 |
||
| 999 |
_c19610 _d19610 |
||